| 000 | 00857nam a22002177a 4500 | ||
|---|---|---|---|
| 005 | 20241108142311.0 | ||
| 010 | _aENG-142600 | ||
| 020 |
_a9788194991304 _c550.00 |
||
| 035 | _aEN-126132 | ||
| 037 | _bDBAD | ||
| 082 |
_a954.13 _21 |
||
| 245 |
_aBibliography and Abstracts of Papers in Flora of Uttar Pradesh and Uttarakhand/ _cCompiled by Sourmen Gantait; Kanad Das [and] Dinesh Kumar Agrawala |
||
| 250 | _a1 | ||
| 260 |
_aHowrah, Kolkata _bBotanical Survey of India |
||
| 270 |
_aMinistry of Environment ,Forest & Climate Change, Govt. of India,3rd MSO Building, CGO Complex _bHowrah,Kolkata _e711103 |
||
| 300 |
_a617p. _c24cm.(pb) _bill. |
||
| 700 |
_aGantait; , Sourmen _eCompiled _973814 |
||
| 700 |
_aAgrawala, Dinesh Kumar _eCompiled _973816 |
||
| 700 |
_aDas , Kanad _eCompiled _973815 |
||
| 942 |
_2ddc _cEN _mBIB _h954.13 |
||
| 999 |
_c206935 _d206935 |
||